Países con 'D' y 'F' - Estadísticas

Estadísticas generales
  • Esta prueba ha sido intentada 40 veces
  • La puntuación promedio es 4 de 6
Estadísticas de respuestas
País % Correcto
Francia
87%
Finlandia
84%
Dominica
71%
Dinamarca
68%
Fiyi
61%
Filipinas
58%
No se encontraron pruebas coincidentes
Distribución de puntuación
Porcentaje de gente con cada puntuación
Porcentaje por número respondido
Historial de tus puntuaciones
No has intentado esta prueba.